| 000 | 00493nam a2200169Ia 4500 | ||
|---|---|---|---|
| 008 | 230714s9999 xx 000 0 und d | ||
| 020 | _a9790000000000 | ||
| 041 | _aeng | ||
| 082 |
_a005.13'3 _bMIT |
||
| 100 |
_aMitchell R. _9198496 |
||
| 245 |
_aWeb Scraping With Python _bCollecting Data From The Modern Web |
||
| 260 |
_c2015 _bSPD/O'Reilly |
||
| 300 | _a238 | ||
| 365 |
_cRs. _b475.00 |
||
| 700 |
_aMitchell R. _9198496 |
||
| 906 |
_dO:0488322-Jan-2016B:SE/SI/247713-Oct-2015 _cIT _b593.75 |
||
| 999 |
_c216952 _d216952 |
||